00625nam a22001817a 450000500170000000800410001704000070005804100120006508200210007710000130009824501550011126000410026630000260030744000390033365000390037265000170041170000150042820221219124958.0221216b ||||| |||| 00| 0 eng d cAL aEnglish 223a365.45bJAII aM C Jain aInterim Report of the Commission of Inquiry On the Assassination of Shri Rajiv Gandhi Former Prime Minister of India On 21st May 1991 At Sriperumbudur bPrime Minister of Indiac1997aIndia a411 p.bPBc29x21 cm. aVolume IX Annexures i-xxi and 1-23 aAssassination of Shri Rajiv Gandhi aRajiv Gandhi aJAIN (M C)